00433nam a2200169Ia 4500008004100000020001900041082001100060100004000071245002600111260002900137300001200166365001600178366000800194530000900202630002600211730002600237100315s9999 xx 000 0 und d a81-7194-59-5  b2641  a"BHARGAVA, U. K. BHARGAVA, RAKESH " aINCOME-TAX RULES-1993 aXMANN bTAXMANN  c0  a658P   d1 b0.00  f0  b-   aINCOME-TAX RULES-1993 aINCOME-TAX RULES-1993